| Tag |
First Indicator |
Second Indicator |
Subfields |
| LEADER |
00000cgm a2200000Ma 4500 |
| 001 |
in00005559430 |
| 006 |
m o c |
| 007 |
vz |zazu| |
| 007 |
cr |na---||a|a |
| 008 |
140109s2010 enk002 g o vueng d |
| 005 |
20241201231147.9 |
| 035 |
|
|
|a (OCoLC)ocn874056191
|
| 040 |
|
|
|a ALSTP
|b eng
|e pn
|c ALSTP
|d OCLCO
|d OCLCF
|d VLB
|d OCLCQ
|d OCLCO
|d OCLCA
|d OCLCQ
|d INT
|d OCLCQ
|d WYU
|d OCLCO
|d WSU
|d OCLCL
|
| 019 |
|
|
|a 1406304892
|a 1418769148
|
| 020 |
|
|
|a 9781503438293
|
| 020 |
|
|
|a 1503438295
|
| 035 |
|
|
|a (OCoLC)874056191
|z (OCoLC)1406304892
|z (OCoLC)1418769148
|
| 043 |
|
|
|a e-uk---
|
| 050 |
|
4 |
|a LB1031
|b .C63 2010ev
|
| 049 |
|
|
|a TXAM
|
| 245 |
0 |
0 |
|a CPD package - NQT's - differentiation.
|p Clip from C3387001.
|
| 246 |
3 |
|
|a Clip from C3387001
|
| 260 |
|
|
|a [England] :
|b Teachers TV/UK Department of Education,
|c 2010.
|
| 300 |
|
|
|a 1 online resource (2 min.)
|
| 306 |
|
|
|a 000201
|
| 336 |
|
|
|a two-dimensional moving image
|b tdi
|2 rdacontent
|
| 337 |
|
|
|a computer
|b c
|2 rdamedia
|
| 338 |
|
|
|a online resource
|b cr
|2 rdacarrier
|
| 490 |
0 |
|
|a Education in video
|
| 500 |
|
|
|a Title from resource description page (viewed Jan. 9, 2014).
|
| 520 |
|
|
|a This interactive CPD package uses a combination of short videos and interactive activities to explore some key aspects of differentiation and planning for NQTs across both primary and secondary. The module uses fictional case studies to demonstrate how to cater for the differing abilities and needs in a classroom. There is an in-depth look at a fictional pupil with SEN and a consideration of some differentiation strategies that could be used to support their learning. A fictional gifted and talented pupil allows teachers to demonstrate how to ensure they are stretched in lessons, with real-life examples of these techniques in action. Finally, a range of teachers talk about how to incorporate differentiation in planning as an NQT, and how to differentiate for different abilities and learning styles in maths.
|
| 521 |
|
|
|a For Elementary School audiences.
|
| 521 |
|
|
|a For High School audiences.
|
| 546 |
|
|
|a This edition in English.
|
| 650 |
|
0 |
|a Individualized instruction
|z Great Britain.
|
| 650 |
|
0 |
|a First year teachers
|z Great Britain.
|
| 650 |
|
6 |
|a Enseignement individualisé
|z Grande-Bretagne.
|
| 650 |
|
6 |
|a Enseignants débutants
|z Grande-Bretagne.
|
| 650 |
|
7 |
|a First year teachers.
|2 fast
|0 (OCoLC)fst00925790
|
| 650 |
|
7 |
|a Individualized instruction.
|2 fast
|0 (OCoLC)fst00970355
|
| 651 |
|
7 |
|a Great Britain.
|2 fast
|0 (OCoLC)fst01204623
|1 https://id.oclc.org/worldcat/entity/E39PBJdmp7p3cx8hpmJ8HvmTpP
|
| 655 |
|
4 |
|a Online media.
|
| 655 |
|
7 |
|a Instructional television programs.
|2 fast
|0 (OCoLC)fst01726126
|
| 655 |
|
7 |
|a Instructional television programs.
|2 lcgft
|
| 655 |
|
7 |
|a Émissions pédagogiques télévisées.
|2 rvmgf
|
| 710 |
2 |
|
|a Real Life Productions.
|4 pro
|
| 776 |
0 |
8 |
|i Print version:
|t CPD package - NQT's - differentiation. Clip from C3387001.
|d [England] : Teachers TV/UK Department of Education, 2010 publisher catalog number
|o W/4514/001
|
| 856 |
4 |
0 |
|u http://proxy.library.tamu.edu/login?url=https://www.aspresolver.com/aspresolver.asp?AVN2;1783066
|z Connect to this streaming video (Alexander Street Press)
|t 0
|
| 955 |
|
|
|a Alexander Street Press subscription streaming video
|
| 994 |
|
|
|a 92
|b TXA
|
| 999 |
f |
f |
|s df1b5265-ffcd-48d0-a478-db6eaac843d5
|i 5922a3c9-f7d3-4685-9af4-36a403054a18
|t 0
|
| 952 |
f |
f |
|a Texas A&M University
|b College Station
|c Electronic Resources
|d Available Online
|t 0
|e LB1031 .C63 2010ev
|h Library of Congress classification
|
| 998 |
f |
f |
|a LB1031 .C63 2010ev
|t 0
|l Available Online
|